EuroAirport Basel Mulhouse Freiburg Destinations (Basel, France) - Statistics

General Stats
  • This quiz has been taken 186 times
    107 since last reset
  • The average score is 70 of 108
Answer Stats
Airline Destination % Correct
easyJet London (Gatwick)
94%
British Airways London (Heathrow)
94%
easyJet London (Luton)
94%
easyJet Berlin
92%
Air France Paris (Charles de Gaulle)
92%
Turkish Airlines Istanbul
91%
AJet/Pegasus Airlines Istanbul (Sabiha Gokcen)
91%
easyJet/KLM Amsterdam
89%
easyJet/Vueling Barcelona
89%
Lufthansa Frankfurt
89%
easyJet Madrid
88%
Norwegian Air Shuttle Oslo
88%
Air Arabia Maroc Casablanca
86%
Ryanair Dublin
86%
easyJet Lisbon
86%
Austrian Airlines Vienna
86%
easyJet Hamburg
85%
easyJet/Wizz Air Rome (Fiumicino)
85%
Corendon Airlines/easyJet/SunExpress Antalya
83%
Aegean Airlines/easyJet Athens
83%
easyJet Manchester
83%
Lufthansa Munich
83%
Condor/easyJet/Eurowings Palma de Mallorca
83%
easyJet Porto
83%
Wizz Air Bucharest (Otopeni)
82%
easyJet/Norwegian Air Shuttle Copenhagen
82%
easyJet Naples
82%
Ryanair Zagreb
82%
Air Algérie Algiers
80%
easyJet/Wizz Air Budapest
80%
easyJet Nice
80%
easyJet Edinburgh
79%
easyJet/Wizz Air Palermo
77%
Wizz Air Sofia
77%
Wizz Air Tirana
77%
Wizz Air Warsaw (Chopin)
77%
Wizz Air Belgrade
76%
easyJet Bordeaux
76%
easyJet Malaga
76%
easyJet Prague
76%
easyJet/FlyLili/FLYYO/Israir Tel Aviv
76%
easyJet Valencia
76%
easyJet Venice
74%
easyJet Alicante
73%
easyJet Bilbao
73%
flydubai Dubai (International)
73%
Pegasus Airlines/SunExpress Izmir
73%
easyJet Marrakesh
73%
easyJet Seville
73%
Nouvelair Tunis
73%
easyJet/Wizz Air Krakow
71%
Air Arabia Maroc Rabat
71%
easyJet Tenerife (South)
70%
easyJet Ibiza
68%
easyJet Split
68%
easyJet Thessaloniki
68%
easyJet Catania
67%
easyJet Heraklion
67%
easyJet Faro
64%
easyJet Gran Canaria
64%
easyJet Dubrovnik
62%
easyJet Toulouse
62%
easyJet Bari
61%
Cyprus Airways/easyJet Larnaca
61%
easyJet Cagliari
59%
easyJet Malta
59%
easyJet Nantes
59%
easyJet/Jetsky Airways/Wizz Air Pristina
59%
easyJet Fuerteventura
58%
Wizz Air Skopje
56%
easyJet Menorca
55%
easyJet Funchal
53%
Air Cairo/easyJet Hurghada
53%
easyJet Lanzarote
53%
easyJet Rhodes
53%
easyJet Zadar
53%
easyJet Bristol
52%
Wizz Air Cluj-Napoca
52%
easyJet Ajaccio
50%
SunExpress/Turkish Airlines Gaziantep
50%
easyJet Montpellier
50%
easyJet Olbia
48%
easyJet Agadir
47%
easyJet/Nouvelair Djerba
47%
easyJet Chania
45%
Air Transat Montreal (Trudeau)
45%
easyJet Reykjavik
45%
easyJet Rijeka
45%
easyJet Bastia
44%
easyJet Brindisi
42%
Wizz Air Iasi
42%
easyJet Pula
42%
Air Algérie/Tassili Airlines Constantine
41%
Wizz Air Nis
39%
easyJet Biarritz
38%
easyJet Calvi
38%
easyJet Santiago de Compostela
38%
easyJet Figari
36%
SunExpress Kayseri
33%
easyJet Lamezia Terme
33%
Wizz Air Ohrid
33%
Wizz Air Tuzla
33%
Wizz Air Banja Luka
32%
easyJet Enfidha
32%
Wizz Air Sibiu
29%
easyJet Skiathos
27%
easyJet Rimini
24%
easyJet Salerno
14%
No matching quizzes found
Score Distribution
Percent of People with Each Score
Percentile by Number Answered
Your Score History
You have not taken this quiz since the last reset